Statistiken für Spanischsprachige Länder

Klicken Sie hier um das Quiz zu spielen!

Allgemein

  • Dieses Quiz wurde 12.668 mal gespielt
  • Das Durchschnittsergebnis liegt bei 17 aus 22

Antwortstatistiken

Land% Korrekt
Spanien
99%
Argentinien
93%
Mexiko
91%
Chile
89%
Kolumbien
88%
Peru
87%
Venezuela
87%
Bolivien
82%
Paraguay
82%
Uruguay
82%
Panama
81%
Ecuador
79%
Costa Rica
77%
Honduras
77%
Kuba
75%
Nicaragua
74%
El Salvador
73%
Guatemala
72%
Dominikanische Republik
66%
Belize
65%
Andorra
60%
Äquatorial-Guinea
23%

Verteilung der Resultate

Perzentil nach korrekt beantworteten Fragen

Anzahl Personen mit jedem Resultat

Ihre Resultats-Entwicklung

Sie haben dieses Quiz noch nicht gespielt